000 00617nam a2200241Ia 4500
003 OSt
005 20221005131834.0
006 a|||||r|||| 00| 0
007 ta
008 221004b |||||||| |||| 00| 0 kan d
024 _a60310
037 _cTextual
040 _aCRL
_cCRL
_bkan
041 _2kan
_akan
082 _aO33,3N04,30, L7
100 _aKarantha Sivarama Au.
_9640170
245 0 _aSwapnada hole
260 _c1977
650 _a KANNAD LITERATURE
650 _aKANNAD FICTION
942 _hO33,3N04,30, L7
_cTEXL
_2cc
999 _c1061591
_d1061591